000 00536pab a2200181 454500
008 180718b2004 xxu||||| |||| 00| 0 eng d
100 _aRamasamy, C.
245 _aConstraints to growth in Indian agriculture: needed technology, resource management and trade strategies
260 _c2004
300 _ap.1-41.
362 _aJan-Mar
650 _aTrade
650 _aResources management - India
650 _aAgriculture - India
650 _aAgriculture
773 _aIndian Journal of Agricultural Economics
909 _a61617
999 _c61617
_d61617